Nazwij pasujące państwo #1 (Dla Geomexa) - Statystyki

Ogólne statystyki
  • Ten quiz został rozwiązany 39 razy
  • Średni wynik to 4 z 15
Statystyki odpowiedzi
Nazwij państwo... Odpowiedź % Poprawnych
Które graniczy z Rwandą DRK|Burundi|Tanzania|Uganda
88%
W którym umarł Fryderyk Chopin Francja
85%
Którym najwyższym szczytem jest Galdhøpiggen Norwegia
58%
Na terenie Tyrolu Austria|Włochy
48%
Z którego pochodzi George Whea Liberia
42%
Do którego należy Stambuł Turcja
36%
W którym się urodził Papież Franciszek Argentyna
30%
W którym leży Midway USA
24%
W którym odbyła się Konferencja Poczdamska Niemcy
15%
W którym jako pierwsze pojawiły się mrówkojady w zoo Polska
9%
W którym był używany język kwishana Brazylia
6%
Które ma najmniejsze PKB Syria
6%
Które utworzyło się po rozpadzie ZSRR Rosja Ukraina Estonia Łotwa Litwa Białoruś Mołdawia Armenia Azerbejdżan Gruzja Kirgistan Kazachstan Uzbekistan Tadżykistan Turkmenistan
0%
Które organizowało Mundial w Piłce Nożnej Urugwaj Włochy Meksyk USA Chile Anglia Szwecja Japonia Korea Południowa Szwajcaria Rosja Katar Argentyna Brazylia Niemcy Francja Hiszpania
0%
Które jest enklawą Watykan Lesotho San Marino
0%
Nie znaleziono quizów pasujących do podanych kryteriów
Rozkład punktacji
Procent ludzi z każdym wynikiem
Percentyl według liczby udzielonych odpowiedzi
Twoja historia wyników
Nie rozwiązałeś tego quizu